000 00728nam a2200193 a 4500
003 0
005 20250428105909.0
008 050808s19uu xx 00 eng d
050 _aPHS HV 5745
_b.K56 2005
100 _aKinoshita, Hitomi L.
245 _aProfile of cigarette smokers among high school students /
_cHitomi L. Kinoshita.
260 _aLas PiƱas City, Philippines :
_bSouthville International School and Colleges,
_c2005.
300 _av, 40 pages;
_c28 cm.
504 _aIncludes bibliographical references.
650 _2Library of Congress Subject Headings
_aCigarette smoking
_xAdolescents.
650 _2Library of Congress Subject Headings
_aTobacco use
_xAdolescents.
942 _2lcc
_cPASS
999 _c97259
_d97259